<?xml version="1.0" encoding="UTF-8"?><?xml-stylesheet type="text/xsl" href="static/style.xsl"?><OAI-PMH xmlns="http://www.openarchives.org/OAI/2.0/" xmlns:xsi="http://www.w3.org/2001/XMLSchema-instance" xsi:schemaLocation="http://www.openarchives.org/OAI/2.0/ http://www.openarchives.org/OAI/2.0/OAI-PMH.xsd"><responseDate>2026-06-01T16:40:30Z</responseDate><request verb="GetRecord" identifier="oai:riuma.uma.es:10630/30628" metadataPrefix="marc">https://riuma.uma.es/rest/oai/request</request><GetRecord><record><header><identifier>oai:riuma.uma.es:10630/30628</identifier><datestamp>2026-02-03T10:24:12Z</datestamp><setSpec>com_10630_1685</setSpec><setSpec>col_10630_38055</setSpec></header><metadata><record xmlns="http://www.loc.gov/MARC21/slim" xmlns:dcterms="http://purl.org/dc/terms/" xmlns:doc="http://www.lyncode.com/xoai" xmlns:xsi="http://www.w3.org/2001/XMLSchema-instance" xsi:schemaLocation="http://www.loc.gov/MARC21/slim http://www.loc.gov/standards/marcxml/schema/MARC21slim.xsd">
   <leader>00925njm 22002777a 4500</leader>
   <datafield ind2=" " ind1=" " tag="042">
      <subfield code="a">dc</subfield>
   </datafield>
   <datafield ind2=" " ind1=" " tag="720">
      <subfield code="a">Pernil Bronchalo, Rafael</subfield>
      <subfield code="e">author</subfield>
   </datafield>
   <datafield ind2=" " ind1=" " tag="260">
      <subfield code="c">2024</subfield>
   </datafield>
   <datafield ind2=" " ind1=" " tag="520">
      <subfield code="a">Este TFG surge de una idea para una aplicación destinada a compartir determinados recursos entre grupos de personas, creando colas de espera y notificando a los usuarios cuando una vacante de ese recurso está disponible. Un ejemplo práctico podría ser compartir una cuenta de Netflix entre diez personas cuando la cuenta solo permite cinco visualizaciones simultáneas. Pero esta idea se expande a cualquier tipo de recurso que se pueda compartir como listas de espera, personas dentro de una sala o cualquier idea que tenga el&#xd;
usuario.&#xd;
Este TFG está basado en la línea 22-16 cuyo concepto es “Implantación de sistemas con arquitectura de microservicios. Despliegue y monitorización de aplicaciones basadas en microservicios. Desarrollo de software basado en microservicios. Tecnologías Serverless, Docker, Kubernetes.”. Por tanto, el dominio de la aplicación es desarrollo web con arquitectura de microservicios.</subfield>
   </datafield>
   <datafield ind1="8" ind2=" " tag="024">
      <subfield code="a">https://hdl.handle.net/10630/30628</subfield>
   </datafield>
   <datafield tag="653" ind2=" " ind1=" ">
      <subfield code="a">Páginas web - Desarrollo</subfield>
   </datafield>
   <datafield tag="653" ind2=" " ind1=" ">
      <subfield code="a">Ingeniería del software</subfield>
   </datafield>
   <datafield tag="653" ind2=" " ind1=" ">
      <subfield code="a">Informática - Trabajos Fin de Grado</subfield>
   </datafield>
   <datafield tag="653" ind2=" " ind1=" ">
      <subfield code="a">Grado en Ingeniería del Software - Trabajos Fin de Grado</subfield>
   </datafield>
   <datafield ind2="0" ind1="0" tag="245">
      <subfield code="a">Aplicación técnica de arquitectura basada en microservicios con GraphQL y tecnologías serverless en cloud</subfield>
   </datafield>
</record>
</metadata></record></GetRecord></OAI-PMH>